El Neoliberalismo y la globalización contra la independencia (Registro nro. 2822)
[ vista simple ]
| 000 -Cabecera | |
|---|---|
| Campo de control de longitud fija | 00575aam a2200205 4500 |
| 005 - Fecha y hora de la última transacción | |
| Campo de control | 20231012150602.0 |
| 008 - Elementos de longitud fija--Información general | |
| Campo de control de longitud fija | 150612b2010 xxu||||| |||| 00| 0 spa d |
| 020 ## - International Standard Book Number | |
| Número Internacional Estándar del Libro (ISBN) | 9789968554039 |
| 041 ## - Idioma | |
| Código de idioma | Español |
| 082 ## - Clasificación Decimal Dewey | |
| Número de clasificación | 320.51 M778n |
| 100 ## - Entrada principal--Autor personal | |
| Nombre personal | Montero Mejía, Alvaro |
| 9 (RLIN) | 24528 |
| 245 ## - Título propiamente dicho | |
| Título | El Neoliberalismo y la globalización contra la independencia |
| 260 ## - Pie de imprenta | |
| Lugar de publicación, distribución, etc. | Costa Rica |
| Nombre del editor, distribuidor, etc. | Fundacion Independencia |
| Fecha de publicación, distribución, etc. | 2010 |
| 300 ## - Descripción física | |
| Extensión | 50 páginas |
| 650 ## - Materia general | |
| Temática (materia general) | COSTA RICA |
| 650 ## - Materia general | |
| Temática (materia general) | NEOLIBERALISMO |
| 650 ## - Materia general | |
| Temática (materia general) | GLOBALIZACIÓN |
| 650 ## - Materia general | |
| Temática (materia general) | POLITICA |
| 942 ## - Punto de acceso adicional KOHA | |
| Tipo de ítem KOHA | Libro |
| Fuente del sistema de clasificación o colocación | Dewey Decimal Classification |
| Signatura completa | Código de barras | Tipo de ítem |
|---|---|---|
| 320.51 M778n | 16107 | Libro |